000 00947nam0a22002411 4500
001 rc\967836
005 20260407135106.0
035 _a(NLR Aleph) 006136998
090 _a5621389
_c5621389
100 _a20041129d1982 |||y0rusy50 ca
101 0 _arus
102 _aRU
105 _aa |||||||||
200 1 _aВопросы прочности трубопроводов
_eСб. науч. тр.
_fМ-во стр-ва предприятий нефт. и газовой пром-сти, ВНИИ про стр-ву магистр. трубопроводов
210 _aМ.
_cВНИИСТ
_d1982
215 _a183 с.
_cил.
_d20
320 _aБиблиогр. в конце статей
712 0 2 _aВНИИ по строительству магистральных трубопроводов
_3RU\NLR\AUTH\8810003598
_9504477
801 0 _aRU
_bNLR
_gpsbo
801 1 _aRU
_bELAR
_2rusmarc
852 _aNLR
_j83-3/5939
942 _cBOOK
980 _aNB